00858cam a22002533a 45000010005000000030006000050050017000110080041000280400015000690420007000840500007000910500007000981000047001052450101001522600029002535050143002825060030004255160020004556530022004756530013004976530025005108300028005358560041005634598PGUSA20140828083059.0031001s2003||||xxu|||||s|||||000 | eng d aPGUSAbeng adc 4aBS 4aQH1 aAckland, T. S.q(Thomas Suter),d1817-189214aThe Story of Creation as Told By Theology and By Scienceh[electronic resource] /cT. S. Ackland bProject Gutenberg,c20030 aThe case stated -- Difficulties in geology -- Difficulties in astronomy -- Difficulties in physiology -- Science a help to interpretation. aPublic domain in the USA. aElectronic text aBible and science aCreation aReligion and science 0aProject Gutenbergv459840uhttp://www.gutenberg.org/ebooks/4598